| 000 | 00831cam a22002651 4500 | ||
|---|---|---|---|
| 001 | sa 68011774 | ||
| 003 | DLC | ||
| 005 | 20260227112604.0 | ||
| 008 | 940311s1961 ii b 000 0 eng | ||
| 010 | _asa 68011774 | ||
| 035 | _a(OCoLC)29951116 | ||
| 040 |
_aDLC _cCU _dCU _dDLC |
||
| 042 | _apremarc | ||
| 050 | 0 | 0 |
_aPK521.D53 _bP3 1961 |
| 100 | 1 | _aPalsule, Gajanan Balkrishna. | |
| 245 | 0 | 4 |
_aThe Sanskrit dhātupāṭhas; _ba critical study. |
| 250 | _a[1st ed.] | ||
| 260 |
_aPoona, _bDeccan College Postgraduate and Reasearch [sic] Institute, _c1961. |
||
| 300 |
_axvii, 256 p. _c25 cm. |
||
| 440 | 0 |
_aDeccan College dissertation series, _v23 |
|
| 502 | _aThesis--University of Poona, 1957. | ||
| 504 | _aBibliography: p. [255]-256. | ||
| 650 | 0 |
_aSanskrit language _xGrammar. |
|
| 600 | 1 | 0 |
_aPāṇini. _tDht̄upātha. |
| 999 |
_c84108 _d84108 |
||